| 000 | 00846nam a2200217 a 4500 | ||
|---|---|---|---|
| 008 | 090313s2005 ||||||||||||||||| || u | ||
| 020 | _a0240807391 | ||
| 050 | _aTR 897.7 Dis | ||
| 110 | _aDiscreet | ||
| 245 | 1 | 0 | _a3ds max 7 fundamentals and beyond courseware manual |
| 246 | _aFundamentals and beyond courseware 3ds max 7 | ||
| 260 |
_aOxford _bFocal Press _c2005 |
||
| 300 | _axiii, 790p.: ill + CD-ROM | ||
| 350 | _a0.00 | ||
| 500 | _aCover Title: Fundamentals and beyond courseware 3ds max 7 CD-ROM available in the Reference Room | ||
| 650 | _aCOMPUTING | ||
| 650 | 0 | _aCOMPUTER GRAPHICS | |
| 650 | _a3DS MAX (COMPUTER FILE) | ||
| 650 | _aCOMPUTER ANIMATION | ||
| 995 |
_D0.00 _FCBU-MAIN LIBRARY (Kitwe) _H1 _I0.00 _M1 _UAVAILABLE _WApr 17, 2009 _ZMain Library Open Access Collection |
||
| 999 |
_c33133 _d33133 |
||